[Event "Titled Tuesday intern op 02nd Aug Early"]
[Site "Chess.com INT"]
[Date "2022.08.02"]
[Round "9"]
[White "Ianov, Viktor"]
[Black "Concio, Michael Jr"]
[Result "1-0"]
[WhiteElo "2263"]
[BlackElo "2373"]
[PlyCount "133"]
[EventDate "2022.08.02"]
[EventType "swiss (blitz)"]
[EventRounds "11"]
[EventCountry "USA"]
[SourceTitle "EXT 2023"]
[Source "ChessBase"]
[SourceDate "2022.10.05"]
[SourceVersion "1"]
[SourceVersionDate "2022.10.05"]
[SourceQuality "1"]

1. Nf3 b6 2. g3 Bb7 3. Bg2 Nf6 4. c4 g6 5. 0-0 Bg7 6. Nc3 0-0 7. d3 c5 8. Bg5 Nc6 9. Qd2 Re8 10. Bh6 Bh8 11. Bg5 d6 12. Rfd1 Qd7 13. Rac1 Ng4 14. h3 Nge5 15. Nh2 Nd4 16. Nd5 f6 17. Bf4 Nf7 18. Be3 e6 19. Nc3 Bxg2 20. Kxg2 Qb7+ 21. f3 Nf5 22. Bf2 Ne7 23. e4 Rad8 24. Ng4 f5 25. Nh6+ Nxh6 26. Qxh6 Nc6 27. Re1 Bg7 28. Qg5 Qe7 29. Qxe7 Rxe7 30. exf5 Bxc3 31. bxc3 exf5 32. Rxe7 Nxe7 33. d4 Nc6 34. Rd1 Kf7 35. g4 Rd7 36. dxc5 bxc5 37. Bxc5 Ne5 38. Rxd6 Rc7 39. Rd5 Nxc4 40. Bd4 Ke6 41. Rd8 Rb7 42. a4 f4 43. Kf1 Rb2 44. Bxa7 Nd2+ 45. Ke2 Ne4+ 46. Kd3 Ng5 47. Re8+ Kd7 48. Rf8 Nxf3 49. Rxf4 Ne5+ 50. Ke3 Rh2 51. Ke4 Nc4 52. Kd4 Na5 53. Rf7+ Kc6 54. Rxh7 Rd2+ 55. Ke4 Nc4 56. Bd4 Ra2 57. h4 Rxa4 58. Rh6 Nd6+ 59. Kd3 Kd7 60. Rxg6 Ne8 61. h5 Ra2 62. h6 Rh2 63. g5 Ke7 64. c4 Kf7 65. Ra6 Rh3+ 66. Kc2 Ke7 67. Ra7+ 1-0

[Event "Titled Tuesday intern op 19th Jul Early"]
[Site "Chess.com INT"]
[Date "2022.07.19"]
[Round "6"]
[White "Aldokhin, Ivan"]
[Black "Ianov, Viktor"]
[Result "1-0"]
[WhiteElo "2413"]
[BlackElo "2263"]
[PlyCount "57"]
[EventDate "2022.07.19"]
[EventType "swiss (blitz)"]
[EventRounds "11"]
[EventCountry "USA"]
[SourceTitle "EXT 2023"]
[Source "ChessBase"]
[SourceDate "2022.10.05"]
[SourceVersion "1"]
[SourceVersionDate "2022.10.05"]
[SourceQuality "1"]

1. e4 d6 2. d4 Nf6 3. Nc3 c6 4. Bg5 Qb6 5. Qd2 Qxb2 6. Rb1 Qa3 7. f4 e6 8. Nf3 Nbd7 9. Bd3 h6 10. Bh4 d5 11. e5 Ne4 12. Nxe4 dxe4 13. Bxe4 a5 14. c3 Be7 15. 0-0 Bxh4 16. Nxh4 Qe7 17. Qf2 g5 18. fxg5 hxg5 19. Nf3 g4 20. Nd2 Ra6 21. Nc4 Rf8 22. Nd6+ Kd8 23. Nxb7+ Bxb7 24. Rxb7 Kc8 25. Rfb1 f5 26. Qe2 Ra8 27. Bxc6 Rd8 28. Qc4 Nxe5 29. Bd7# 1-0

[Event "Titled Tuesday intern op 19th Jul Early"]
[Site "Chess.com INT"]
[Date "2022.07.19"]
[Round "2"]
[White "Ianov, Viktor"]
[Black "Khoroshev, Nikita"]
[Result "0-1"]
[WhiteElo "2263"]
[BlackElo "2327"]
[PlyCount "108"]
[EventDate "2022.07.19"]
[EventType "swiss (blitz)"]
[EventRounds "11"]
[EventCountry "USA"]
[SourceTitle "EXT 2023"]
[Source "ChessBase"]
[SourceDate "2022.10.05"]
[SourceVersion "1"]
[SourceVersionDate "2022.10.05"]
[SourceQuality "1"]

1. Nf3 Nf6 2. g3 g6 3. b3 Bg7 4. Bb2 0-0 5. Bg2 d6 6. d4 c6 7. 0-0 Bf5 8. Nbd2 Nbd7 9. Nh4 Be6 10. e4 d5 11. e5 Ne8 12. f4 f6 13. Qe2 fxe5 14. fxe5 Nc7 15. Rxf8+ Nxf8 16. Rf1 Qd7 17. Nhf3 Bg4 18. Qe3 Nfe6 19. h3 Bf5 20. Ne1 h5 21. Kh2 Kh7 22. Qe2 Ng5 23. h4 Nf7 24. Nd3 Nh6 25. Nf3 Ng4+ 26. Kg1 Ne6 27. Ng5+ Nxg5 28. hxg5 Rf8 29. Nf4 e6 30. c4 Qe7 31. Bc1 Qd8 32. cxd5 cxd5 33. Qb5 Rf7 34. Bd2 a6 35. Qe2 Qb6 36. Bc3 Rc7 37. Qd2 Bxe5 38. Ne2 Rf7 39. Ba5 Qa7 40. Rc1 b6 41. dxe5 bxa5+ 42. Qd4 Qb8 43. Rc6 Nxe5 44. Rxa6 Bd3 45. Rb6 Qc7 46. Nf4 Qc1+ 47. Kh2 Ng4+ 48. Kh3 Bf5 49. Kh4 Ne3 50. Bf3 Qg1 51. Qd2 Be4 52. Bxe4 dxe4 53. Rxe6 Qh1+ 54. Nh3 Nf5# 0-1

[Event "Titled Tuesday intern op 19th Jul Early"]
[Site "Chess.com INT"]
[Date "2022.07.19"]
[Round "1"]
[White "Ianov, Viktor"]
[Black "Mangialardo, Tiago Carvalho"]
[Result "1-0"]
[WhiteElo "2263"]
[BlackElo "1965"]
[PlyCount "137"]
[EventDate "2022.07.19"]
[EventType "swiss (blitz)"]
[EventRounds "11"]
[EventCountry "USA"]
[SourceTitle "EXT 2023"]
[Source "ChessBase"]
[SourceDate "2022.10.05"]
[SourceVersion "1"]
[SourceVersionDate "2022.10.05"]
[SourceQuality "1"]

1. Nf3 Nf6 2. g3 g6 3. b3 Bg7 4. Bb2 0-0 5. Bg2 c5 6. c4 Nc6 7. 0-0 d6 8. d4 cxd4 9. Nxd4 Qb6 10. e3 Bg4 11. Qd2 a5 12. Nc3 Nd7 13. Nd5 Qd8 14. h3 Nxd4 15. exd4 Bf5 16. Ne3 Nf6 17. Nxf5 gxf5 18. Bxb7 Rb8 19. Bg2 Ne4 20. Qe3 d5 21. cxd5 Qxd5 22. Rfe1 a4 23. Bxe4 fxe4 24. Qxe4 Qh5 25. Re3 e6 26. Kg2 Rfd8 27. Rc1 Rd7 28. Rc5 Qd1 29. Qd3 Qxd3 30. Rxd3 axb3 31. axb3 e5 32. d5 e4 33. Rd2 Rxb3 34. Rc8+ Bf8 35. Bf6 h5 36. d6 Rd3 37. Rxd3 exd3 38. Kf1 d2 39. Ke2 d1Q+ 40. Kxd1 Rxd6+ 41. Ke2 Rxf6 42. f4 Rf5 43. Kf3 Kg7 44. g4 hxg4+ 45. hxg4 Rf6 46. g5 Rf5 47. Kg4 Rd5 48. f5 Bd6 49. f6+ Kh7 50. Rd8 Rd4+ 51. Kh5 Rd3 52. Rd7 Rh3+ 53. Kg4 Rg3+ 54. Kh5 Rd3 55. Rxf7+ Kg8 56. Kg6 Rg3 57. Rg7+ Kf8 58. Rh7 Ke8 59. Rh8+ Bf8 60. Kf5 Rf3+ 61. Kg4 Rf1 62. Rh7 Rg1+ 63. Kf5 Rf1+ 64. Kg6 Rg1 65. Rb7 Bd6 66. Ra7 Bf4 67. Ra8+ Kd7 68. f7 Rxg5+ 69. Kf6 1-0

[Event "Titled Tuesday intern op 19th Jul Early"]
[Site "Chess.com INT"]
[Date "2022.07.19"]
[Round "3"]
[White "Zaksaite, Salomeja"]
[Black "Ianov, Viktor"]
[Result "0-1"]
[WhiteElo "2212"]
[BlackElo "2263"]
[PlyCount "68"]
[EventDate "2022.07.19"]
[EventType "swiss (blitz)"]
[EventRounds "11"]
[EventCountry "USA"]
[SourceTitle "EXT 2023"]
[Source "ChessBase"]
[SourceDate "2022.10.05"]
[SourceVersion "1"]
[SourceVersionDate "2022.10.05"]
[SourceQuality "1"]

1. e4 d6 2. d4 Nf6 3. Nc3 c6 4. Bd3 e5 5. Nge2 Be7 6. 0-0 0-0 7. h3 Nbd7 8. Be3 b5 9. a3 Bb7 10. f4 a5 11. Ng3 b4 12. axb4 axb4 13. Rxa8 Bxa8 14. Nce2 g6 15. fxe5 dxe5 16. Bh6 Re8 17. c3 bxc3 18. bxc3 c5 19. Qb3 exd4 20. cxd4 cxd4 21. Kh2 Ne5 22. Bb5 Bc6 23. Rd1 Bxb5 24. Qxb5 Neg4+ 25. hxg4 Nxg4+ 26. Kg1 Nxh6 27. Rxd4 Qb8 28. Qxb8 Rxb8 29. Kh2 Ng4+ 30. Kh3 Ne5 31. Rd5 f6 32. Nf4 Rb3 33. Nfe2 h5 34. Kh2 Re3 0-1

[Event "Titled Tuesday intern op 12th Jul Early"]
[Site "Chess.com INT"]
[Date "2022.07.12"]
[Round "8"]
[White "Ianov, Viktor"]
[Black "Chernomordik, Pavel"]
[Result "1-0"]
[WhiteElo "2263"]
[BlackElo "2197"]
[PlyCount "151"]
[EventDate "2022.07.12"]
[EventType "swiss (blitz)"]
[EventRounds "11"]
[EventCountry "USA"]
[SourceTitle "EXT 2023"]
[Source "ChessBase"]
[SourceDate "2022.10.05"]
[SourceVersion "1"]
[SourceVersionDate "2022.10.05"]
[SourceQuality "1"]

1. Nf3 g6 2. g3 Bg7 3. d4 d6 4. Bg2 Nf6 5. b3 0-0 6. Bb2 c6 7. 0-0 a5 8. c4 Na6 9. Nc3 Bf5 10. Nh4 Bg4 11. h3 Bd7 12. e4 Ne8 13. Nf3 b5 14. Re1 bxc4 15. bxc4 Rb8 16. Rb1 Qc8 17. Kh2 Nec7 18. Ba1 Be6 19. d5 Bd7 20. Nd4 cxd5 21. exd5 Re8 22. Nc6 Bxc6 23. dxc6 Nc5 24. Nb5 Bxa1 25. Rxa1 Nxb5 26. cxb5 Rxb5 27. Rc1 Rb2 28. Re2 Rxe2 29. Qxe2 Qc7 30. Rb1 e6 31. Qb5 Rc8 32. h4 e5 33. Bd5 Ne6 34. Qb7 Kf8 35. Rb6 Ke7 36. Ra6 Nc5 37. Qxc7+ Rxc7 38. Rxa5 Nd3 39. Kg2 Nb4 40. Bf3 Nxc6 41. Bxc6 Rxc6 42. Ra7+ Ke6 43. a4 Rc2 44. a5 Ra2 45. a6 Kf6 46. Ra8 d5 47. a7 e4 48. Kf1 d4 49. Rd8 Rxa7 50. Rxd4 Re7 51. Ke2 Kf5 52. Ke3 f6 53. Rd5+ Kg4 54. Rd4 f5 55. Rb4 h6 56. Rb6 g5 57. Rxh6 f4+ 58. gxf4 gxf4+ 59. Ke2 Ra7 60. Rg6+ Kf5 61. Rg5+ Kf6 62. Rg4 Ra2+ 63. Ke1 Ke5 64. h5 Ra1+ 65. Ke2 Rh1 66. Rg5+ Kd4 67. Ra5 Rh2 68. Ra4+ Ke5 69. Ra5+ Ke6 70. Kf1 Kf6 71. Ke1 Rg2 72. Kf1 Rh2 73. Kg1 Rh4 74. Kg2 Kg7 75. Re5 e3 76. f3 1-0

[Event "Titled Tuesday intern op 12th Jul Early"]
[Site "Chess.com INT"]
[Date "2022.07.12"]
[Round "6"]
[White "Ianov, Viktor"]
[Black "Leschinsky, Gary"]
[Result "0-1"]
[WhiteElo "2263"]
[BlackElo "1955"]
[PlyCount "242"]
[EventDate "2022.07.12"]
[EventType "swiss (blitz)"]
[EventRounds "11"]
[EventCountry "USA"]
[SourceTitle "EXT 2023"]
[Source "ChessBase"]
[SourceDate "2022.10.05"]
[SourceVersion "1"]
[SourceVersionDate "2022.10.05"]
[SourceQuality "1"]

1. Nf3 d5 2. g3 Nc6 3. Bg2 e5 4. d3 Be6 5. Ng5 Bg4 6. h3 Bc8 7. e4 dxe4 8. Nxe4 f6 9. Nbc3 Be6 10. 0-0 Qd7 11. Kh2 0-0-0 12. f4 h5 13. fxe5 Nxe5 14. Bf4 h4 15. g4 g5 16. Bxe5 fxe5 17. Nxg5 e4 18. Nxe6 Qxe6 19. Bxe4 Bd6+ 20. Kh1 Qe5 21. Qe2 Nh6 22. Qg2 c6 23. Rae1 Qa5 24. a3 Bg3 25. Rd1 Kb8 26. Ne2 Bc7 27. c3 Rdg8 28. Nd4 Qe5 29. Nf5 Nxg4 30. hxg4 Rxg4 31. Qe2 Rhg8 32. Rf2 h3 33. Rdf1 Rg2 34. Rxg2 hxg2+ 35. Qxg2 Rxg2 36. Kxg2 a5 37. Rh1 Qf4 38. Rh8+ Ka7 39. Rh7 Qd2+ 40. Kf3 Qf4+ 41. Ke2 Qg4+ 42. Kf2 Bb6+ 43. Nd4 Qf4+ 44. Ke2 Bxd4 45. cxd4 Kb6 46. b4 axb4 47. axb4 Qd6 48. b5 Qxd4 49. bxc6 bxc6 50. Rh6 Qb2+ 51. Kf3 Kc7 52. Rxc6+ Kd7 53. Rc4 Qd2 54. Kg4 Ke6 55. Kf3 Ke5 56. Rc5+ Ke6 57. Rd5 Qe1 58. Rf5 Qh1+ 59. Ke3 Qe1+ 60. Kd4 Qb4+ 61. Ke3 Qb1 62. d4 Qc1+ 63. Kd3 Qb1+ 64. Ke3 Qe1+ 65. Kd3 Qg3+ 66. Kc4 Qc7+ 67. Kd3 Qa7 68. Re5+ Kd6 69. Rd5+ Ke6 70. Re5+ Kf6 71. Rf5+ Ke7 72. d5 Qa3+ 73. Kd4 Qb4+ 74. Ke3 Qc3+ 75. Kf4 Kd6 76. Kg4 Qe3 77. Rf4 Ke5 78. Rf5+ Kxe4 79. Rg5 Qf3+ 80. Kh4 Qh1+ 81. Kg4 Qg1+ 82. Kh5 Qh2+ 83. Kg6 Qd6+ 84. Kh5 Kd4 85. Rf5 Kc5 86. Rg5 Qf4 87. Kg6 Kd6 88. Kh5 Ke7 89. Kg6 Qf2 90. Kh5 Kf6 91. Rg6+ Kf7 92. Rg5 Qf3+ 93. Kh6 Kf6 94. Rg6+ Kf5 95. Rg5+ Kf6 96. Rg6+ Ke7 97. Rg7+ Kf8 98. Rg5 Qh3+ 99. Kg6 Qe3 100. Rf5+ Ke7 101. Rg5 Qf3 102. Rf5 Qg3+ 103. Rg5 Qh3 104. Rh5 Qd3+ 105. Rf5 Qb1 106. Kg5 Kd6 107. Kg4 Qg1+ 108. Kf4 Qf2+ 109. Kg5 Qg3+ 110. Kf6 Qh4+ 111. Kg6 Qg4+ 112. Rg5 Qf4 113. Kh5 Ke7 114. Kg6 Qf6+ 115. Kh5 Qf2 116. Kg6 Qc2+ 117. Kh5 Kf6 118. Rg4 Qe2 119. Kh4 Kf5 120. Rg5+ Kf4 121. Rg6 Qh2# 0-1

[Event "Titled Tuesday intern op 12th Jul Early"]
[Site "Chess.com INT"]
[Date "2022.07.12"]
[Round "5"]
[White "Manukian, Artak"]
[Black "Ianov, Viktor"]
[Result "1/2-1/2"]
[WhiteElo "2196"]
[BlackElo "2263"]
[PlyCount "64"]
[EventDate "2022.07.12"]
[EventType "swiss (blitz)"]
[EventRounds "11"]
[EventCountry "USA"]
[SourceTitle "EXT 2023"]
[Source "ChessBase"]
[SourceDate "2022.10.05"]
[SourceVersion "1"]
[SourceVersionDate "2022.10.05"]
[SourceQuality "1"]

1. e4 d6 2. d4 Nf6 3. Nc3 c6 4. g3 Nbd7 5. Bg2 e5 6. Nge2 Be7 7. 0-0 0-0 8. a4 b6 9. h3 h5 10. Be3 a6 11. Qd2 Qc7 12. Rfd1 Bb7 13. b3 Rfd8 14. Kh1 b5 15. Ng1 b4 16. Nce2 exd4 17. Nxd4 c5 18. Nf5 Ne5 19. f3 Bf8 20. Bg5 d5 21. Bxf6 gxf6 22. f4 dxe4 23. Qe2 Ng6 24. Qxh5 c4 25. Qg4 Kh7 26. h4 c3 27. Qe2 Qc5 28. Qh5+ Kg8 29. Nh6+ Kg7 30. Nf5+ Kg8 31. Nh6+ Kg7 32. Nf5+ Kg8 1/2-1/2

[Event "Titled Tuesday intern op 28th Jun Early"]
[Site "Chess.com INT"]
[Date "2022.06.28"]
[Round "2"]
[White "Bintang, Rasyid A Hidayat"]
[Black "Ianov, Viktor"]
[Result "0-1"]
[WhiteElo "1820"]
[BlackElo "2279"]
[PlyCount "80"]
[EventDate "2022.06.28"]
[EventType "swiss (blitz)"]
[EventRounds "11"]
[EventCountry "USA"]
[SourceTitle "CBM 209 Extra"]
[Source "ChessBase"]
[SourceDate "2022.09.30"]
[SourceVersion "1"]
[SourceVersionDate "2022.09.30"]
[SourceQuality "1"]

1. c4 d6 2. Nc3 g6 3. g3 Bg7 4. Bg2 Nf6 5. Nf3 0-0 6. 0-0 c6 7. d4 Bf5 8. Re1 Ne4 9. Qb3 Nxc3 10. bxc3 Bc8 11. e4 Nd7 12. Bg5 h6 13. Bf4 e5 14. Be3 c5 15. Rad1 Qc7 16. dxe5 dxe5 17. Rd5 b6 18. Rdd1 Bb7 19. Qc2 Nf6 20. Nd2 Rfd8 21. f4 Ng4 22. f5 Nxe3 23. Rxe3 Rd6 24. fxg6 fxg6 25. Nf1 Rad8 26. Red3 Rxd3 27. Rxd3 Rxd3 28. Qxd3 h5 29. Ne3 Bh6 30. Nd5 Qd6 31. Bh3 Kg7 32. a4 Bc6 33. a5 bxa5 34. Qb1 a4 35. Bc8 a3 36. Ba6 Bxd5 37. cxd5 Qxa6 38. Qa2 c4 39. Kf2 Qb6+ 40. Kg2 Qb2+ 0-1

[Event "Titled Tuesday intern op 28th Jun Early"]
[Site "Chess.com INT"]
[Date "2022.06.28"]
[Round "1"]
[White "Ianov, Viktor"]
[Black "Polster, Christian"]
[Result "0-1"]
[WhiteElo "2279"]
[BlackElo "2236"]
[PlyCount "100"]
[EventDate "2022.06.28"]
[EventType "swiss (blitz)"]
[EventRounds "11"]
[EventCountry "USA"]
[SourceTitle "CBM 209 Extra"]
[Source "ChessBase"]
[SourceDate "2022.09.30"]
[SourceVersion "1"]
[SourceVersionDate "2022.09.30"]
[SourceQuality "1"]

1. Nf3 d5 2. g3 Nf6 3. Bg2 Bf5 4. 0-0 e6 5. d3 c5 6. c4 Nc6 7. cxd5 exd5 8. d4 h6 9. Nc3 c4 10. Ne5 Bb4 11. Bf4 0-0 12. Rc1 Re8 13. b3 Ba3 14. Nxc6 bxc6 15. bxc4 Bxc1 16. Qxc1 Rc8 17. c5 Qa5 18. Qb2 Qa6 19. Re1 Re7 20. f3 Rb7 21. Qd2 Qa3 22. e4 Rb2 23. Qe3 Be6 24. Nxd5 Qxe3+ 25. Nxe3 Rxa2 26. Bd6 a5 27. f4 a4 28. f5 Bb3 29. d5 cxd5 30. exd5 Rd2 31. Nf1 Rd3 32. Re3 Rd4 33. Be5 Rd1 34. Bxf6 gxf6 35. d6 Rxc5 36. Kf2 Rxd6 37. Re8+ Kg7 38. Ne3 Rd2+ 39. Kf3 Rc3 40. Bh3 a3 41. Ra8 Rdd3 42. Kf4 Rxe3 43. Rxa3 Rf3+ 44. Kg4 Bd1 45. Kh4 Rxa3 46. Bg4 Ra4 47. Kh3 Rxg4 48. Kxg4 Rf2+ 49. Kh3 h5 50. Kh4 Rxh2# 0-1